000 00604nam a2200217Ia 4500
005 20250108124941.0
008 008 250107s9999 xx 000 0 eng d
037 _aTB
040 _aCRL
_beng
_cCRL
041 _aeng
_2eng
084 _aV2.N 152R2
084 _qCRL
100 _aMander Harsh Au.
_9730143
245 0 _aPartitions of the heart: unmaking the idea of India
_cMander Harsh Au.
260 _aGurgaon, India
_bPenguin Viking
_c2799
300 _axliii,290p.
365 _aINR
_b300
650 _aINDIA - HISTORY
942 _cTB
_hV2.N 152R2
999 _c1235187
_d1235187